| 000 | 00400cam a2200157ua 4500 | ||
|---|---|---|---|
| 003 | OSt | ||
| 008 | 250506b |||||||| |||| 00| 0 eng d | ||
| 041 | _aeng | ||
| 082 |
_a624.1517 _bRAI/SU |
||
| 100 |
_aRainsford, Hume F . _97461 |
||
| 245 | _aSurvey adjustments and least squares / | ||
| 250 | _a1 / | ||
| 260 |
_aLondon : _bConstable and Company Ltd , _c1957. |
||
| 300 | _a325 ; . | ||
| 942 | _cBK | ||
| 999 |
_c5275 _d5275 |
||